[Event "39th Olympiad Women"]
[Site "Khanty-Mansiysk RUS"]
[Date "2010.09.29"]
[Round "8"]
[White "Alattar, Ghayda M."]
[Black "Lanchava, Tea"]
[Result "0-1"]
[WhiteTitle "WFM"]
[BlackTitle "IM"]
[WhiteElo "1891"]
[BlackElo "2342"]
[Board "35.2"]
[WhiteTeam "JOR"]
[BlackTeam "NED"]
[WhiteFideId "8101531"]
[BlackFideId "1005308"]
[EventDate "2010.09.21"]
[EventType "team"]

1. d4 g6 2. Nf3 Bg7 3. g3 d6 4. Bg2 c6 5. c4 Qc7 6. Nc3 Nd7 7. e4 e5 8. dxe5
dxe5 9. Be3 Nh6 10. h3 f6 11. Qd2 Nf7 12. g4 O-O 13. Nh4 Rd8 14. Qe2 Nf8 15. O-O
Ne6 16. b3 Nf4 17. Qc2 Qe7 18. Nf3 Qe6 19. Ne2 Nxg2 20. Kxg2 h5 21. Rh1 hxg4 22.
hxg4 Qxg4+ 23. Ng3 Qe6 24. Nh4 Nh8 25. Rad1 Rxd1 26. Qxd1 Qe7 27. Qd2 Qf8 28.
Rd1 Bg4 29. f3 Be6 30. c5 Re8 31. Kf2 Qe7 32. Qa5 f5 33. exf5 Qxh4 34. fxe6 Qh2+
35. Kf1 Qxg3 36. Rd8 Qxf3+ 37. Bf2 Qh3+ 38. Ke2 Qxe6 39. Rxe8+ Qxe8 40. Qxa7 Qc8
41. Qa4 Nf7 42. Qc4 Qd7 43. Qe4 Qe6 44. Qb4 Qd7 45. Qe4 Qf5 46. Qc4 e4 47. Be3
Kh7 48. Qb4 Qf3+ 49. Kd2 Qg2+ 50. Kd1 Qf1+ 0-1

[Event "39th Olympiad Women"]
[Site "Khanty-Mansiysk RUS"]
[Date "2010.09.29"]
[Round "8"]
[White "Bensdorp, Marlies"]
[Black "Dahdal, Lougain"]
[Result "1-0"]
[WhiteTitle "WIM"]
[WhiteElo "2288"]
[BlackElo "1885"]
[Board "35.3"]
[WhiteTeam "NED"]
[BlackTeam "JOR"]
[WhiteFideId "1009311"]
[BlackFideId "8102880"]
[EventDate "2010.09.21"]
[EventType "team"]

1. d4 Nf6 2. c4 e6 3. Nf3 d5 4. Bg5 Be7 5. e3 Nbd7 6. Nc3 O-O 7. Rc1 c6 8. Bd3
dxc4 9. Bxc4 Nd5 10. Bxe7 Qxe7 11. O-O Nxc3 12. Rxc3 e5 13. h3 h6 14. a3 exd4
15. Nxd4 Nf6 16. Qf3 Ne4 17. Rd3 Ng5 18. Qg3 Qf6 19. b4 Ne4 20. Qf3 Qg6 21. Rfd1
Be6 22. Bb3 Bxb3 23. Nxb3 Ng5 24. Qg3 Ne4 25. Qxg6 fxg6 26. f3 Nf6 27. e4 Rfe8
28. Rd6 Kf7 29. Na5 Rab8 30. h4 Re6 31. Kf2 Rxd6 32. Rxd6 Ke7 33. Rd1 Nd7 34. f4
c5 35. Ke3 cxb4 36. axb4 Ke6 37. Rc1 g5 38. hxg5 hxg5 39. fxg5 Ne5 40. Rc7 b6
41. Nb3 a5 42. bxa5 bxa5 43. Nxa5 Rb2 44. Rxg7 Rxg2 45. Nb7 Nf7 46. Nc5+ Ke7 47.
g6 Kf6 48. Rxf7+ Kxg6 49. Rf3 Ra2 50. Kd4 Re2 51. e5 Kg7 52. e6 Kg8 53. Kd5 Rd2+
54. Ke5 1-0

[Event "39th Olympiad Women"]
[Site "Khanty-Mansiysk RUS"]
[Date "2010.09.29"]
[Round "8"]
[White "Perez, Dalila"]
[Black "Kaydanovich, Marina"]
[Result "1/2-1/2"]
[WhiteElo "1684"]
[BlackElo "1837"]
[Board "36.2"]
[WhiteTeam "PAR"]
[BlackTeam "IPCA"]
[WhiteFideId "3702014"]
[BlackFideId "4134877"]
[EventDate "2010.09.21"]
[EventType "team"]

1. d4 Nf6 2. c4 e5 3. dxe5 Ng4 4. Nf3 Bc5 5. e3 Nc6 6. Nc3 Ngxe5 7. Bd2 d6 8.
Nd5 Bg4 9. Bc3 a5 10. a3 O-O 11. Be2 a4 12. Nxe5 Bxe2 13. Nxc6 bxc6 14. Qxe2
cxd5 15. Qg4 f6 16. cxd5 Re8 17. h4 Qe7 18. Rh3 Qe4 19. Qg3 Bd4 20. Rc1 Bxc3+
21. bxc3 Qxd5 22. h5 Rab8 23. h6 g6 24. Qh4 Rb2 25. Kf1 Qd2 26. Re1 Qxc3 27.
Qxa4 Qe5 28. Kg1 Reb8 29. Qc4+ d5 30. Qf1 c5 31. Rg3 c4 32. e4 c3 33. Kh2 d4 34.
Qc4+ Kh8 35. Qf7 R2b7 36. Qa2 d3 37. Qc4 d2 38. Rd1 Rc7 39. Qd3 Qh5+ 40. Rh3
Qxd1 41. Qd6 Qb3 42. Qxc7 Qb7 43. Qxb7 Rxb7 44. Rxc3 Kg8 45. Rd3 Rb2 46. f3 g5
47. a4 Kf7 48. Kg3 Kg6 49. a5 Ra2 50. a6 Kxh6 51. a7 Kg6 52. Rxd2 Rxa7 53. Rd6
Ra5 54. Rd7 h5 55. Rd6 Kf7 56. Rd3 Ke6 57. Rd8 Ra2 58. Re8+ Kf7 59. Rh8 h4+ 60.
Kh3 Ke7 61. Rg8 Ke6 62. Re8+ Kf7 63. Rh8 1/2-1/2

[Event "39th Olympiad Women"]
[Site "Khanty-Mansiysk RUS"]
[Date "2010.09.29"]
[Round "8"]
[White "Melnik, Galina"]
[Black "Rojas, Montserrat"]
[Result "1-0"]
[WhiteTitle "WFM"]
[WhiteElo "1994"]
[BlackElo "1609"]
[Board "36.3"]
[WhiteTeam "IPCA"]
[BlackTeam "PAR"]
[WhiteFideId "4121929"]
[BlackFideId "3701670"]
[EventDate "2010.09.21"]
[EventType "team"]

1. d4 Nf6 2. Nf3 g6 3. c4 Bg7 4. Nc3 O-O 5. e4 d6 6. Be2 c5 7. O-O b6 8. d5 e5
9. Ne1 Ne8 10. Be3 f5 11. f3 f4 12. Bf2 Qg5 13. Nd3 Bh3 14. Ne1 h5 15. Kh1 Bd7
16. Nd3 h4 17. a3 Kf7 18. Rg1 Rh8 19. Bf1 Qh5 20. h3 g5 21. Be1 Nf6 22. Nb5 Bxb5
23. cxb5 Nbd7 24. Rc1 Bf8 25. b3 Be7 26. Be2 Qh7 27. Nf2 Nh5 28. Ng4 Ng3+ 29.
Kh2 Nxe2 30. Qxe2 Nf6 31. Nf2 Rhc8 32. Qc4 Qg8 33. Bc3 Kg6 34. Rc2 Nd7 35. Nd3
Kf6 36. Ra1 Rab8 37. a4 a5 38. Nf2 Kg6 39. Bd2 Qd8 40. Nd3 Kf6 41. Nb2 Ra8 42.
Qc3 Kf7 43. Nc4 Rcb8 44. Qb2 Kf6 45. Bc3 Kg6 46. Re1 Qf8 47. Rd2 Bf6 48. Rdd1
Qe7 49. Qd2 Ra7 50. Bxa5 bxa5 51. Nxa5 Rxa5 52. Qxa5 Qd8 53. Qc3 Qb6 54. Re2 Bd8
55. b4 cxb4 56. Qc6 Nc5 57. a5 Qxb5 58. Qxd6+ Bf6 59. Rc2 Rc8 60. Rdc1 Nb7 61.
Qe6 Rxc2 62. Rxc2 Qxa5 63. Qg8+ 1-0

[Event "39th Olympiad Women"]
[Site "Khanty-Mansiysk RUS"]
[Date "2010.09.29"]
[Round "8"]
[White "Alderete, Jazmin"]
[Black "Kurochkina, Elena"]
[Result "0-1"]
[WhiteElo "1568"]
[BlackElo "1821"]
[Board "36.4"]
[WhiteTeam "PAR"]
[BlackTeam "IPCA"]
[WhiteFideId "3701697"]
[BlackFideId "24145890"]
[EventDate "2010.09.21"]
[EventType "team"]

1. d4 d5 2. Nf3 Nf6 3. Bg5 Ne4 4. Bh4 c5 5. e3 Qb6 6. Qc1 Nc6 7. c3 Bf5 8. Be2
e6 9. O-O Bd6 10. Nbd2 O-O 11. Re1 Rac8 12. Bf1 h6 13. Nxe4 Bxe4 14. Nd2 Bg6 15.
Nb3 cxd4 16. exd4 Nb4 17. Re2 Bd3 18. a3 Bxe2 19. Bxe2 Nc6 20. Nd2 Nxd4 21. Bd3
Qc7 22. Nf1 Nb3 23. Qb1 Nxa1 24. Qxa1 e5 25. Qd1 e4 26. Bc2 g5 27. Qg4 f5 28.
Qh5 Qg7 29. Bg3 f4 0-1

[Event "39th Olympiad Women"]
[Site "Khanty-Mansiysk RUS"]
[Date "2010.09.29"]
[Round "8"]
[White "Mazariego-K., Carolina"]
[Black "Samaganova, Alexandra"]
[Result "1-0"]
[WhiteTitle "WIM"]
[WhiteElo "2086"]
[BlackElo "2080"]
[Board "37.1"]
[WhiteTeam "GUA"]
[BlackTeam "KGZ"]
[WhiteFideId "7300115"]
[BlackFideId "13800221"]
[EventDate "2010.09.21"]
[EventType "team"]

1. e4 c5 2. Nf3 e6 3. d3 Nc6 4. Nbd2 Nf6 5. g3 Be7 6. Bg2 Qc7 7. O-O O-O 8. Re1
d6 9. c3 Rb8 10. Nf1 b5 11. h3 b4 12. c4 Nd7 13. h4 Bf6 14. N1h2 Bd4 15. Bh3
Nde5 16. Kg2 f5 17. Nxe5 dxe5 18. Nf3 Bd7 19. Qe2 Rbe8 20. Rb1 Bc8 21. Be3 Qf7
22. Bxd4 exd4 23. Ng5 Qg6 24. f4 fxe4 25. Nxe4 e5 26. Bxc8 Rxc8 27. h5 Qh6 28.
Nxc5 exf4 29. Qe6+ Qxe6 30. Nxe6 Rf5 31. Nxf4 Ne5 32. Re4 Rd8 33. Rbe1 Nc6 34.
Re6 Rc8 35. Nd5 Rxh5 36. Rxc6 Rxc6 37. Ne7+ Kf7 38. Nxc6 a5 39. Nxd4 1-0

[Event "39th Olympiad Women"]
[Site "Khanty-Mansiysk RUS"]
[Date "2010.09.29"]
[Round "8"]
[White "Ostry, Irina"]
[Black "Mencos, Claudia"]
[Result "1-0"]
[WhiteTitle "WIM"]
[WhiteElo "2197"]
[BlackElo "1912"]
[Board "37.2"]
[WhiteTeam "KGZ"]
[BlackTeam "GUA"]
[WhiteFideId "13800060"]
[BlackFideId "7300573"]
[EventDate "2010.09.21"]
[EventType "team"]

1. e4 c5 2. Nf3 e6 3. d4 cxd4 4. Nxd4 a6 5. Bd3 Bc5 6. Nb3 Be7 7. O-O d6 8. c4
Nf6 9. Nc3 Qc7 10. Qe2 b6 11. Be3 Bb7 12. Rfc1 Nbd7 13. f3 Rc8 14. Qf2 O-O 15.
Bf1 Bd8 16. Nd4 Qb8 17. a4 Bc7 18. Qh4 Rfe8 19. g4 h6 20. g5 hxg5 21. Bxg5 Nh7
22. Be3 Ne5 23. Qh3 Ng6 24. Rc2 d5 25. cxd5 exd5 26. Rg2 Bf4 27. Bf2 Ng5 28. Qh5
Re5 29. Nf5 Nh7 30. Bd4 dxe4 31. fxe4 Nf6 32. Qh3 Re6 33. Rxg6 Bxh2+ 34. Qxh2
Qxh2+ 35. Kxh2 fxg6 36. Ng3 Ng4+ 37. Kg1 Rd6 38. Rd1 Rcd8 39. Bc4+ Kh7 40. Bd5
Bxd5 41. exd5 Rb8 42. Nge4 Rd7 43. b4 Nh6 44. Bf2 Nf5 45. Kg2 Kg8 46. Kh3 Nh6
47. Rg1 Kf7 48. Ng5+ Kf8 49. Nge4 Nf5 50. Rxg6 a5 51. b5 Rdb7 52. Re6 Kg8 53.
Kg4 Nh6+ 54. Kf3 Nf5 55. Ke2 Kf7 56. Kd3 g6 57. Rc6 Kg7 58. d6 Kf7 59. Ng5+ Kf6
60. Nce4+ Ke5 61. Bg1 Kf4 62. Bh2+ Kg4 63. Ne6 Rh8 64. Nf6+ Kf3 65. Be5 Rh1 66.
Ng5+ Kf2 67. Rc2+ 1-0

[Event "39th Olympiad Women"]
[Site "Khanty-Mansiysk RUS"]
[Date "2010.09.29"]
[Round "8"]
[White "Sotomayor Villatoro, Silvi"]
[Black "Tilenbaev, Baktygul"]
[Result "0-1"]
[WhiteElo "1777"]
[BlackElo "1944"]
[Board "37.3"]
[WhiteTeam "GUA"]
[BlackTeam "KGZ"]
[WhiteFideId "7301057"]
[BlackFideId "13800639"]
[EventDate "2010.09.21"]
[EventType "team"]

1. d4 d5 2. e3 Nf6 3. Bd3 Bg4 4. f3 Bh5 5. Ne2 e6 6. Nd2 c5 7. c3 Nc6 8. Nf1 c4
9. Bc2 Qc7 10. Nfg3 Bg6 11. O-O Bxc2 12. Qxc2 h5 13. e4 h4 14. Nh1 dxe4 15. fxe4
Ng4 16. e5 h3 17. g3 O-O-O 18. Qe4 Nh6 19. Bxh6 Rxh6 20. Rf2 Qe7 21. Raf1 f5 22.
exf6 gxf6 23. Nf4 f5 24. Qc2 Kb8 25. Re2 Qd7 26. Rfe1 e5 27. dxe5 Bc5+ 28. Nf2
Re8 29. Rd2 Qc8 30. e6 Ne7 31. Kf1 Qc6 32. Qd1 Rhh8 33. Qe2 Ng6 34. Qxc4 Nxf4
35. Qxf4+ Ka8 36. Nd3 Bd6 37. Qe3 f4 38. Qe4 fxg3 39. Qxc6 bxc6 40. Kg1 gxh2+
41. Kh1 Rh6 42. e7 Rxe7 43. Rxe7 Bxe7 44. Rxh2 Bd6 45. Re2 Rf6 46. Nf2 h2 47.
Kg2 Rg6+ 48. Kf3 Rg1 49. b4 Rg3+ 50. Ke4 Rg2 51. Re1 Rxf2 52. Ke3 Rg2 0-1

[Event "39th Olympiad Women"]
[Site "Khanty-Mansiysk RUS"]
[Date "2010.09.29"]
[Round "8"]
[White "Shabanaj, Alda"]
[Black "Hamza, Amira"]
[Result "0-1"]
[BlackTitle "WCM"]
[WhiteElo "1926"]
[BlackElo "1886"]
[Board "38.2"]
[WhiteTeam "ALB"]
[BlackTeam "ALG"]
[WhiteFideId "4700597"]
[BlackFideId "7901160"]
[EventDate "2010.09.21"]
[EventType "team"]

1. Nf3 g6 2. g3 Bg7 3. Bg2 Nf6 4. O-O d6 5. c3 e5 6. d3 O-O 7. Qc2 Nc6 8. Nbd2
Be6 9. e4 Nh5 10. Nb3 Qd7 11. Ng5 f6 12. Nxe6 Qxe6 13. d4 Ne7 14. d5 Qd7 15. c4
f5 16. Bh3 Qe8 17. Bg5 f4 18. Be6+ Kh8 19. g4 Nf6 20. f3 h6 21. Bxf6 Bxf6 22. c5
Qd8 23. Rac1 c6 24. Rfd1 cxd5 25. Bxd5 dxc5 26. Bxb7 Qb6 27. Bxa8 c4+ 28. Qf2
Qxf2+ 29. Kxf2 cxb3 30. Bd5 Nxd5 31. Rxd5 bxa2 32. Ra1 Rc8 33. Rd2 Be7 34. Rxa2
Rc1 35. Kg2 Bc5 36. b3 Bd4 37. Rac2 Rg1+ 38. Kh3 Rf1 39. Rd3 g5 40. b4 Rb1 41.
Rc4 Rb2 42. Rd1 Kg7 43. Rc7+ Kg8 44. Rdc1 Rf2 45. Rb7 Rxf3+ 46. Kg2 Rc3 47. Rxc3
Bxc3 48. b5 Bd4 49. Rc7 Bb6 50. Rd7 Bd4 51. h3 Bc5 52. Kf3 Bb6 53. Ke2 Bd4 54.
Re7 Kh8 55. Rf7 Kg8 56. Rf5 Kg7 57. Kd3 Kg6 58. Kc4 Kg7 59. Kd5 Kh7 60. Ke6 Kg6
61. Rf8 Kg7 62. Rf6 Bb6 63. Rf5 Bd4 64. Ke7 Bc5+ 65. Ke8 Bd4 66. Rf7+ Kg8 67.
Ke7 Bc5+ 68. Kf6 f3 69. Kg6 f2 70. Rf5 Be3 71. Kxh6 Bf4 72. h4 gxh4+ 73. g5 f1=Q
74. Kg6 Qxb5 0-1

[Event "39th Olympiad Women"]
[Site "Khanty-Mansiysk RUS"]
[Date "2010.09.29"]
[Round "8"]
[White "Sanchez Castillo, Sarai"]
[Black "Mir Mahmoud, Afamia"]
[Result "1-0"]
[WhiteTitle "IM"]
[WhiteElo "2278"]
[BlackElo "2014"]
[Board "39.1"]
[WhiteTeam "VEN"]
[BlackTeam "SYR"]
[WhiteFideId "3900754"]
[BlackFideId "7600674"]
[EventDate "2010.09.21"]
[EventType "team"]

1. e4 c5 2. Nf3 e6 3. d4 cxd4 4. Nxd4 Nc6 5. Be2 Nf6 6. Nc3 Qc7 7. O-O a6 8. Kh1
Bb4 9. Qd3 Nxd4 10. Qxd4 Bc5 11. Qd3 b5 12. f4 d6 13. Qg3 O-O 14. e5 dxe5 15.
fxe5 Nd7 16. Ne4 Be7 17. Bf4 Kh8 18. Bd3 Bb7 19. Nf6 g6 20. Qh3 Bxf6 21. exf6 e5
22. Bh6 Rg8 23. Rad1 Nc5 24. Be2 Rae8 25. b4 Ne6 26. Rd3 Nd4 27. Bg5 Nxe2 28.
Qxh7+ 1-0

[Event "39th Olympiad Women"]
[Site "Khanty-Mansiysk RUS"]
[Date "2010.09.29"]
[Round "8"]
[White "Ubaldo Suarez, Maria Gisela"]
[Black "Al-Jelda, Fatma"]
[Result "1-0"]
[WhiteTitle "WIM"]
[WhiteElo "2054"]
[BlackElo "1822"]
[Board "39.3"]
[WhiteTeam "VEN"]
[BlackTeam "SYR"]
[WhiteFideId "3900630"]
[BlackFideId "7600291"]
[EventDate "2010.09.21"]
[EventType "team"]

1. d4 Nf6 2. Nf3 e6 3. c4 Bb4+ 4. Nbd2 O-O 5. a3 Bxd2+ 6. Qxd2 Ne4 7. Qc2 d5 8.
e3 Nd6 9. b3 Nd7 10. Bd3 Nf6 11. Ne5 b6 12. c5 Nb7 13. Bb2 bxc5 14. dxc5 c6 15.
Nxc6 Qc7 16. Bb5 Bd7 17. Be5 Nd6 18. cxd6 Qb7 19. Ba4 Kh8 20. Qc3 Rfc8 21. Bxf6
Bxc6 22. Bxg7+ Kg8 23. Bh6 f5 24. Bxc6 Rxc6 25. Qe5 Qd7 26. O-O Rac8 27. b4 Rc4
28. h3 Re4 29. Qg3+ Kh8 30. Rac1 Rec4 31. Rxc4 dxc4 32. Qe5+ Kg8 33. Rc1 a6 34.
a4 Rc6 35. b5 1-0

[Event "39th Olympiad Women"]
[Site "Khanty-Mansiysk RUS"]
[Date "2010.09.29"]
[Round "8"]
[White "Saleh, Nora Mohd"]
[Black "Bakri, Alia Anin Azwa"]
[Result "0-1"]
[WhiteTitle "WIM"]
[WhiteElo "1906"]
[BlackElo "1904"]
[Board "40.1"]
[WhiteTeam "UAE"]
[BlackTeam "MAS"]
[WhiteFideId "9301607"]
[BlackFideId "5702712"]
[EventDate "2010.09.21"]
[EventType "team"]

1. d4 d5 2. Nf3 Nf6 3. c4 e6 4. Nc3 c6 5. Bg5 Nbd7 6. e3 Bb4 7. Qc2 Qa5 8. Bxf6
Nxf6 9. Nd2 O-O 10. Rc1 Re8 11. a3 Bxc3 12. Qxc3 Qxc3 13. bxc3 e5 14. Nf3 exd4
15. cxd4 dxc4 16. Bxc4 Be6 17. Bd3 Bd5 18. O-O g6 19. Ne5 Rad8 20. Rc2 Kg7 21.
h3 Re7 22. Rfc1 Nd7 23. Nxd7 Rdxd7 24. Rc3 f5 25. g3 Kf6 26. Bf1 g5 27. Bg2 h6
28. Bxd5 Rxd5 29. Kg2 Rg7 30. Kf3 Re7 31. Rc5 Red7 32. Ke2 f4 33. Kf3 fxe3 34.
fxe3 h5 35. R1c3 Rd8 36. Ke4 Ke6 37. Kd3 Rxc5 38. Rxc5 Rd5 39. Rxd5 cxd5 40. g4
hxg4 41. hxg4 b5 42. e4 dxe4+ 43. Kxe4 a5 44. d5+ Kd6 45. Kf5 b4 46. axb4 axb4
47. Kxg5 b3 48. Kf6 b2 49. g5 b1=Q 50. g6 Qf1+ 51. Kg7 Qg2 52. Kh7 Qe4 53. Kh8
Qe8+ 54. Kh7 Ke7 55. g7 Kf7 56. d6 Qg8+ 57. Kh6 Qxg7+ 0-1

[Event "39th Olympiad Women"]
[Site "Khanty-Mansiysk RUS"]
[Date "2010.09.29"]
[Round "8"]
[White "Nur, Nabila Azman Hisham"]
[Black "Al-Zarouni, Kholoud Essa"]
[Result "1-0"]
[WhiteTitle "WCM"]
[BlackTitle "WFM"]
[WhiteElo "1829"]
[BlackElo "1890"]
[Board "40.2"]
[WhiteTeam "MAS"]
[BlackTeam "UAE"]
[WhiteFideId "5702135"]
[BlackFideId "9301194"]
[EventDate "2010.09.21"]
[EventType "team"]

1. d4 d5 2. c4 e6 3. Nf3 c6 4. Nc3 dxc4 5. e3 b5 6. a4 Bb4 7. Bd2 a5 8. Ne5 Bxc3
9. bxc3 Nf6 10. axb5 cxb5 11. Qb1 Qd5 12. Be2 Ne4 13. Bf3 f5 14. Bxe4 fxe4 15.
f3 exf3 16. gxf3 Nd7 17. e4 Qb7 18. Nxd7 Bxd7 19. Rg1 Bc6 20. Ke2 Rf8 21. Rg3 g6
22. h4 Qf7 23. Bh6 Rg8 24. Ke3 Qe7 25. Rg5 Kf7 26. Qg1 a4 27. Qg3 Rac8 28. Rc5
Qc7 29. Re5 Qe7 30. Bg5 Qd6 31. Rf5+ 1-0

[Event "39th Olympiad Women"]
[Site "Khanty-Mansiysk RUS"]
[Date "2010.09.29"]
[Round "8"]
[White "Al-Harmoudi, Mona"]
[Black "Marmono, Roslina"]
[Result "1/2-1/2"]
[WhiteTitle "WIM"]
[WhiteElo "1821"]
[BlackElo "1933"]
[Board "40.3"]
[WhiteTeam "UAE"]
[BlackTeam "MAS"]
[WhiteFideId "9301631"]
[BlackFideId "5700701"]
[EventDate "2010.09.21"]
[EventType "team"]

1. d4 Nf6 2. Nf3 g6 3. Bf4 Bg7 4. e3 d6 5. Be2 O-O 6. h3 c5 7. O-O b6 8. c3 Bb7
9. Nbd2 Nbd7 10. Qc2 Qc7 11. Bh2 a6 12. a4 Rac8 13. Nc4 cxd4 14. exd4 Bxf3 15.
gxf3 b5 16. axb5 axb5 17. Na5 b4 18. Nc4 bxc3 19. bxc3 Nd5 20. Ra3 N7b6 21. Nxb6
Nxb6 22. Ba6 Ra8 23. Qd3 Nd5 24. Rfa1 Bh6 25. c4 Nb4 26. Qe2 Nxa6 27. Rxa6 Rxa6
28. Rxa6 Qc8 29. Ra7 Bg5 30. Kg2 Bf6 31. Qd3 Qb8 32. Ra3 Qb2 33. d5 Bh4 34. Bg3
Bxg3 35. Kxg3 Qe5+ 36. f4 Qe1 37. Kg2 Rc8 38. Rc3 e6 39. dxe6 Qxe6 40. Qd4 Rc5
41. Re3 Qd7 42. Kh2 Rf5 43. Rb3 Qc7 44. Re3 Qd7 45. Rb3 1/2-1/2

[Event "39th Olympiad Women"]
[Site "Khanty-Mansiysk RUS"]
[Date "2010.09.29"]
[Round "8"]
[White "Fong, Mi Yen"]
[Black "Nouman, Amna"]
[Result "0-1"]
[BlackTitle "WFM"]
[WhiteElo "1905"]
[BlackElo "1752"]
[Board "40.4"]
[WhiteTeam "MAS"]
[BlackTeam "UAE"]
[WhiteFideId "5703522"]
[BlackFideId "9301500"]
[EventDate "2010.09.21"]
[EventType "team"]

1. e4 e5 2. Nf3 Nc6 3. Bb5 a6 4. Ba4 Nf6 5. O-O b5 6. Bb3 Bc5 7. Re1 d6 8. h3
O-O 9. c3 Bb6 10. d4 Re8 11. Bc2 Bb7 12. Bg5 h6 13. Bh4 g5 14. Bg3 exd4 15. cxd4
Nb4 16. Nbd2 Nxc2 17. Qxc2 Qd7 18. Re2 Nh5 19. Nf1 f5 20. e5 Qe6 21. Rae1 Bxf3
22. gxf3 d5 23. Kg2 f4 24. Bh2 Ng7 25. Rd1 Nf5 26. Qc3 Nh4+ 27. Kh1 Qxh3 28. Ne3
Qxf3+ 29. Kg1 fxe3 30. Kf1 Qh1+ 31. Bg1 Qg2+ 32. Ke1 Qxg1# 0-1

[Event "39th Olympiad Women"]
[Site "Khanty-Mansiysk RUS"]
[Date "2010.09.29"]
[Round "8"]
[White "Perez, Eneida"]
[Black "Abarca Gonzalez, Damaris"]
[Result "0-1"]
[WhiteTitle "WFM"]
[WhiteElo "2099"]
[BlackElo "1991"]
[Board "42.1"]
[WhiteTeam "DOM"]
[BlackTeam "CHI"]
[WhiteFideId "602795"]
[BlackFideId "3409414"]
[EventDate "2010.09.21"]
[EventType "team"]

1. d4 d5 2. e3 Nf6 3. Bd3 Nbd7 4. f4 e6 5. Nf3 Be7 6. O-O c5 7. c3 O-O 8. Qe2 b6
9. Ne5 Bb7 10. Nd2 Rc8 11. Qf3 a6 12. g4 g6 13. Qg2 Nxe5 14. fxe5 Ne4 15. Nxe4
dxe4 16. Bxe4 Bxe4 17. Qxe4 Bg5 18. Rf2 Qd7 19. Bd2 Qc6 20. Qxc6 Rxc6 21. Raf1
Rc7 22. Re2 Rd8 23. Be1 Kg7 24. h4 Be7 25. Kg2 h6 26. Kh3 Rf8 27. Bg3 Rd8 28.
Ref2 Bf8 29. Rf3 b5 30. Bf2 b4 31. Bg1 c4 32. e4 Rdd7 33. d5 Bc5 34. d6 Rc8 35.
Bxc5 Rxc5 36. cxb4 Rxe5 37. Rd1 Rxe4 38. Ra3 Kf6 39. Rxa6 Re3+ 40. Kg2 Re2+ 41.
Kf3 Rxb2 42. Rc6 Rxb4 43. Rc7 Rd8 44. g5+ hxg5 45. hxg5+ Kxg5 46. Rxf7 Rb5 47.
Ke4 c3 48. Rc7 Kf6 49. Rxc3 Re5+ 50. Kf3 Rd5 51. Rxd5 exd5 52. Ke3 Ke5 53. Rc7
Rxd6 54. Kd3 g5 55. Rg7 Kf4 56. a4 g4 57. a5 Ra6 58. Rf7+ Kg3 59. Kd4 Rxa5 60.
Rg7 Kf3 61. Rf7+ Kg2 62. Rg7 g3 63. Rf7 Ra4+ 64. Kxd5 Kh3 65. Rg7 g2 66. Rh7+
Kg3 0-1

[Event "39th Olympiad Women"]
[Site "Khanty-Mansiysk RUS"]
[Date "2010.09.29"]
[Round "8"]
[White "Toro Pradenas, Maria Jose"]
[Black "Jose Polanco, Kenia"]
[Result "1-0"]
[WhiteTitle "WFM"]
[WhiteElo "1951"]
[BlackElo "1997"]
[Board "42.2"]
[WhiteTeam "CHI"]
[BlackTeam "DOM"]
[WhiteFideId "3412610"]
[BlackFideId "6401074"]
[EventDate "2010.09.21"]
[EventType "team"]

1. e4 e6 2. d4 d5 3. Nc3 dxe4 4. Nxe4 Bd7 5. g3 Bc6 6. f3 Nf6 7. Bg2 Nbd7 8. Ne2
Bd6 9. O-O Qe7 10. c4 Qd8 11. N2c3 b6 12. d5 exd5 13. Nxd6+ cxd6 14. cxd5 Bb7
15. Re1+ Kf8 16. Bf4 Ne8 17. Qd4 Ndf6 18. Rac1 h6 19. Bd2 Nc7 20. f4 Kg8 21. h3
Kh7 22. Qd3+ g6 23. f5 g5 24. g4 Re8 25. Rxe8 Ncxe8 26. Ne4 Nxe4 27. Qxe4 Kg8
28. Bc3 f6 29. h4 Rc8 30. hxg5 hxg5 31. Qe6+ Kf8 32. Kf2 Qe7 33. Rh1 Qg7 34. Kg3
Qg8 35. Be4 Rc7 36. Bb4 Qxe6 37. fxe6 Rc4 38. Rh8+ Ke7 39. Rh7+ Kf8 40. Rf7+ Kg8
41. Bh7+ Kh8 42. Rxb7 Rxb4 43. Bg6 Ng7 44. Rb8+ 1-0

[Event "39th Olympiad Women"]
[Site "Khanty-Mansiysk RUS"]
[Date "2010.09.29"]
[Round "8"]
[White "Hazim, Elizabeth"]
[Black "Cortes Arias, Mariela"]
[Result "1/2-1/2"]
[WhiteElo "1858"]
[BlackElo "1772"]
[Board "42.3"]
[WhiteTeam "DOM"]
[BlackTeam "CHI"]
[WhiteFideId "6400183"]
[BlackFideId "3405478"]
[EventDate "2010.09.21"]
[EventType "team"]

1. e4 c5 2. Nf3 Nf6 3. Nc3 d5 4. e5 d4 5. exf6 dxc3 6. fxe7 cxd2+ 7. Qxd2 Qxd2+
8. Bxd2 Bxe7 9. O-O-O O-O 10. Bc4 Nc6 11. Bc3 Bf5 12. Rhe1 Rfe8 13. Ne5 Nxe5 14.
Bxe5 Rad8 15. Rxd8 Rxd8 16. Rd1 Rxd1+ 17. Kxd1 Be4 18. f3 Bc6 19. b3 Kf8 20. a4
f6 21. Bg3 Ke8 22. Bg8 h6 23. Bh7 Kf7 24. Bd3 Bd5 25. Be4 Bxe4 26. fxe4 Ke6 27.
Ke2 Bd6 28. Bf2 b6 29. h3 a6 30. b4 Kd7 31. b5 axb5 32. axb5 Ke6 33. g4 Ke5 34.
Ke3 Ke6 35. Kd3 Be5 1/2-1/2

[Event "39th Olympiad Women"]
[Site "Khanty-Mansiysk RUS"]
[Date "2010.09.29"]
[Round "8"]
[White "Al-khelaifi, Aisha"]
[Black "Mona, Khaled"]
[Result "0-1"]
[BlackTitle "WGM"]
[WhiteElo "1635"]
[BlackElo "2103"]
[Board "44.2"]
[WhiteTeam "QAT"]
[BlackTeam "EGY"]
[WhiteFideId "12100625"]
[BlackFideId "10605908"]
[EventDate "2010.09.21"]
[EventType "team"]

1. e4 e5 2. Nf3 Nc6 3. Bc4 Bc5 4. d3 Nf6 5. Nc3 d6 6. Bg5 h6 7. Bxf6 Qxf6 8. Nd5
Qg6 9. Qe2 Bb6 10. c3 Be6 11. Bb3 Nd8 12. d4 c6 13. Nxb6 axb6 14. d5 Bd7 15. Bc2
O-O 16. g3 Bg4 17. Bd3 Qf6 18. Rg1 Bxf3 19. Qe3 cxd5 20. exd5 Bxd5 21. a3 Ne6
22. h4 Nc5 23. Bc2 Qf3 24. Qe2 Qxe2+ 25. Kxe2 Bc4+ 26. Ke1 Nd3+ 27. Bxd3 Bxd3
28. Rd1 e4 29. g4 d5 30. Rg3 Rac8 31. g5 h5 32. g6 f6 33. Re3 Rfe8 34. f3 Rcd8
35. f4 f5 36. Rg3 Re6 37. Kf2 d4 38. cxd4 Rxd4 39. Rg5 Rc4 40. Rd2 0-1

[Event "39th Olympiad Women"]
[Site "Khanty-Mansiysk RUS"]
[Date "2010.09.29"]
[Round "8"]
[White "Basta-Sohair, F."]
[Black "Safar, Reem"]
[Result "1/2-1/2"]
[WhiteTitle "WIM"]
[BlackTitle "WFM"]
[WhiteElo "2030"]
[BlackElo "1702"]
[Board "44.3"]
[WhiteTeam "EGY"]
[BlackTeam "QAT"]
[WhiteFideId "10600175"]
[BlackFideId "12100269"]
[EventDate "2010.09.21"]
[EventType "team"]

1. d4 f5 2. Nf3 Nf6 3. g3 g6 4. Bg2 Bg7 5. O-O O-O 6. c4 d6 7. Nc3 Nc6 8. Re1
Ne4 9. e3 Nxc3 10. bxc3 e5 11. d5 Na5 12. Qe2 b6 13. e4 f4 14. Rb1 g5 15. Qd3
Qf6 16. gxf4 gxf4 17. Ba3 Qh6 18. Kf1 Rf6 19. Ke2 Rg6 20. Rg1 Bg4 21. Bb4 Nb7
22. a4 a5 23. Ba3 Bf6 24. Rh1 Kf7 25. h3 Bd7 26. Ne1 Bxa4 27. Bf3 Rag8 28. Bg4
Nd8 29. Qf3 Ke7 30. Nd3 1/2-1/2